01279nam a2200349Ia 4500001001200000003000800012006001900020007001500039008004100054010001700095020001500112020001500127024001800142040002100160035002100181050002300202082001200225245012800237250001200365260004300377300001400420504005300434533015200487650002800639650002500667650002800692655002900720700002000749710001700769856012600786999001700912ebr10150392CaPaEBRm u cr cn|||||||||050913s2006 nyu sb 001 0 eng d z 2005054723 z1403983054 z14039703783 z9781403970374 aCaPaEBRcCaPaEBR a(OCoLC)56796498314aT65.3b.D44 2006eb04a60022200aDefining technological literacyh[electronic resource] :btowards an epistemological framework /cedited by John R. Dakers. a1st ed. aNew York :bPalgrave Macmillan,c2006. ax, 334 p. aIncludes bibliographical references and indexes. aElectronic reproduction.bPalo Alto, Calif. :cebrary,d2009.nAvailable via World Wide Web.nAccess may be limited to ebrary affiliated libraries. 0aTechnological literacy. 0aTechnical education. 0aTechnologyxPhilosophy. 7aElectronic books.2local1 aDakers, John R.2 aebrary, Inc.40uhttp://site.ebrary.com/lib/rucke/Doc?id=10150392zAn electronic book accessible through the World Wide Web; click to view c94590d94590